000 00849cab a2200253 4500
001 ABS59897
008 090401t1999 xxu||||| |||| 00| 0 eng d
035 _a(Sirsi) u90746
041 _aeng
245 _aWhole-life cost model
260 _c1999
350 _a0
490 _aBuilding
_v263(8070) 15 January 1999, 65-71(7)
520 _aThe first in a new quarterly series examining the capital and occupancy costs of buildings, this article gives the whole-life costs of three model office buildings and uses Friars Bridge Court in London as a case study. See also ABS60422.
650 _aCAPITAL COSTS
650 _aCOST MODELS
650 _aCOSTINGS
650 _aOCCUPANCY COSTS
650 _aOFFICE BUILDINGS
650 _aWHOLE-LIFE COSTS
690 _aBUILT ENVIRONMENT-BUILDING COSTS
942 _n0
948 _c18/01/1999
999 _c57544
_d57544